| 000 | 00498nam a22001457a 4500 | ||
|---|---|---|---|
| 008 | 230608b |||||||| |||| 00| 0 eng d | ||
| 040 |
_aNational Science Library _cNational Science Library |
||
| 080 |
_a620.4:66(082.2) _bM1 |
||
| 245 | _aNational symposium on maintenance management of power stations and chemical process industries March 5-6,1981 | ||
| 260 |
_aBombay: _bDepartment of Atomic Energy, _c1981 |
||
| 300 | _a750p. | ||
| 650 | _aChemical | ||
| 653 | _aIndustries | ||
| 942 |
_2udc _cPR |
||
| 999 |
_c40808 _d40808 |
||